000
00284nam a2200097Ia 4500
001
649578
005
20250826153744.0
008
250824s9999 xx 000 0 und d
245
0
_a
Şekilli Fizik Sözlüğü
_c
Corinne Stockley, Chris Oxlade, Jane Wertheim
260
_b
TÜBİTAK YAYINLARI
999
_c
649578
_d
649578